000 00491nam a2200181Ia 4500
003 OSt
005 20251219144716.0
008 210210b1958 xxu||||| |||| 00| 0 eng d
040 _cAL
041 _akan
082 _a859/2270
100 _aHILTAN (J)
_9158751
_dಹಿಲ್ಟನ್ (ಜೆ)
245 _aLupta diganta:
_bಲುಪ್ತ ದಿಗಂತ
260 _aNew York
_bMacmillan & Co. Ltd.
_c1958
690 _aKannada Fiction
_9158754
906 _a022984
942 _2ddc
_cBK
999 _c147817
_d147817